| 000 | 00763nam a2200217 4500 | ||
|---|---|---|---|
| 001 | 131937 | ||
| 003 | ES-MaACL | ||
| 005 | 20250804173821.0 | ||
| 007 | t| | ||
| 008 | 070214s1952 ag r ||||1| spa d | ||
| 080 | _a929 Medici, Lorenzo de' | ||
| 100 | 1 |
_aRohde, Jorge Max. _998977 |
|
| 245 | 1 | 0 |
_aLorenzo el Magnífico / _cJorge Max Rohde. |
| 260 |
_aBuenos Aires : _b[s.n.], _c1952 ( _fImp. de la Universidad de Buenos Aires) |
||
| 300 |
_a132 p. ; _c21 cm. |
||
| 594 | _aPrecede al tít.: Universidad de Buenos Aires. Facultad de Filosofía y Letras. | ||
| 600 | 1 | 7 |
_aMedici, Lorenzo de, _d1449-1492 _2 _9154734 |
| 710 | 2 |
_aUniversidad de Buenos Aires. _bFacultad de Filosofía y Letras. _97157 |
|
| 852 |
_aES-MaACL _jD-8198 |
||
| 999 |
_c131937 _d131937 |
||